000 00419nam a2200133Ia 4500
008 100328s9999 xx 000 0 und d
082 _b28997
100 _aपंत अप्पा
245 _aमुलखावेगळा राजा
260 _bमानसन्मान
630 _aमुलखावेगळा राजा
730 _aमुलखावेगळा राजा
942 _cBOOK
999 _c520138
_d520135